000 00294nam a2200121Ia 4500
005 20251222153535.0
008 251222s9999||||xx |||||||||||||| ||spa||
020 _a9972229017
082 _a345.002.6/J95/2018
245 0 _aCódigo Penal
264 _bJurista Editores E. I. R. L.
942 _cLIB
999 _c30255
_d30255